[Event "Remote S7E Schnell-105 email"]
[Site "Remote email"]
[Date "2014.08.17"]
[Round "?"]
[White "Henkel, Phil"]
[Black "Pieleck, Rudolf"]
[Result "1-0"]
[WhiteElo "2034"]
[BlackElo "1583"]
[PlyCount "53"]
[EventDate "2014.??.??"]
[EventType "tourn (corr)"]
[EventRounds "6"]
[EventCountry "GER"]
[SourceTitle "Corr 2015"]
[Source "ChessBase"]
[SourceDate "2015.07.17"]
[SourceVersion "1"]
[SourceVersionDate "2015.07.17"]
[SourceQuality "1"]

1. c4 Nf6 2. Nc3 e6 3. f4 d5 4. cxd5 exd5 5. d4 Bb4 6. Nf3 0-0 7. Bd2 c6 8. e3 Bg4 9. Be2 Ne4 10. Nxe4 Bxd2+ 11. Nexd2 Nd7 12. h3 Be6 13. g4 Qb6 14. Qc2 Rac8 15. f5 Bxf5 16. gxf5 Nf6 17. Rg1 Ne4 18. Nxe4 dxe4 19. Qxe4 Rfe8 20. Qg4 Qb4+ 21. Kf2 g6 22. fxg6 fxg6 23. Ne5 Rf8+ 24. Kg3 Qd6 25. Kg2 Rce8 26. h4 Qe6 27. Bc4 1-0

[Event "Remote Random-185 email"]
[Site "Remote email"]
[Date "2014.08.13"]
[Round "?"]
[White "Tortoza, Carlos Alberto"]
[Black "Pieleck, Rudolf"]
[Result "1-0"]
[WhiteElo "1632"]
[BlackElo "1583"]
[PlyCount "47"]
[EventDate "2014.??.??"]
[EventType "tourn (corr)"]
[EventRounds "6"]
[EventCountry "GER"]
[SourceTitle "Corr 2015"]
[Source "ChessBase"]
[SourceDate "2015.07.17"]
[SourceVersion "1"]
[SourceVersionDate "2015.07.17"]
[SourceQuality "1"]

1. e4 c5 2. Nf3 d6 3. d4 cxd4 4. Nxd4 Nf6 5. Nc3 e6 6. Bc4 Nc6 7. Be3 Be7 8. Qe2 0-0 9. 0-0-0 d5 10. Bd3 dxe4 11. Bc4 Bc5 12. Nxc6 bxc6 13. Rxd8 Rxd8 14. Bxc5 Bb7 15. Nxe4 Nxe4 16. Qxe4 a5 17. a4 Re8 18. Qg4 Bc8 19. Qg3 Bb7 20. Rd1 g6 21. Qe5 Ba6 22. Bd4 Kf8 23. Qg7+ Ke7 24. Bf6# 1-0

[Event "Remote S7E Schnell-104 email"]
[Site "Remote email"]
[Date "2014.07.27"]
[Round "?"]
[White "Pieleck, Rudolf"]
[Black "Henkel, Phil"]
[Result "0-1"]
[WhiteElo "1583"]
[BlackElo "2034"]
[PlyCount "88"]
[EventDate "2014.??.??"]
[EventType "tourn (corr)"]
[EventRounds "6"]
[EventCountry "GER"]
[SourceTitle "Corr 2015"]
[Source "ChessBase"]
[SourceDate "2015.07.17"]
[SourceVersion "1"]
[SourceVersionDate "2015.07.17"]
[SourceQuality "1"]

1. e4 d5 2. exd5 Qxd5 3. Nc3 Qa5 4. d4 Nf6 5. Bd2 c6 6. Ne4 Qc7 7. Bd3 g6 8. Nxf6+ exf6 9. Qe2+ Qe7 10. Qxe7+ Bxe7 11. 0-0-0 0-0 12. Bh6 Rd8 13. Nf3 Bg4 14. Be2 Nd7 15. h3 Be6 16. b3 b5 17. Kb1 a5 18. g4 a4 19. Rd3 axb3 20. cxb3 Nb6 21. Rc3 Bd5 22. Rd1 Bb4 23. Re3 Bf8 24. Nd2 Bxh6 25. Re7 Re8 26. Rxe8+ Rxe8 27. Bf3 Bxd2 28. Bxd5 Nxd5 29. Rxd2 Nb4 30. Kb2 Ra8 31. a3 Nd5 32. Re2 Kf8 33. b4 Re8 34. Rxe8+ Kxe8 35. Kc2 Ke7 36. Kd3 Nf4+ 37. Ke4 Nxh3 38. f3 Kd6 39. Ke3 Kd5 40. f4 g5 41. f5 Ng1 42. Kd3 Nf3 43. Kc3 Nxd4 44. Kd3 Ke5 0-1

[Event "Remote S7E Schnell-104 email"]
[Site "Remote email"]
[Date "2014.07.27"]
[Round "?"]
[White "Thiel, Dirk"]
[Black "Pieleck, Rudolf"]
[Result "1-0"]
[WhiteElo "2237"]
[BlackElo "1583"]
[PlyCount "31"]
[EventDate "2014.??.??"]
[EventType "tourn (corr)"]
[EventRounds "6"]
[EventCountry "GER"]
[SourceTitle "Corr 2015"]
[Source "ChessBase"]
[SourceDate "2015.07.17"]
[SourceVersion "1"]
[SourceVersionDate "2015.07.17"]
[SourceQuality "1"]

1. e4 e6 2. d4 d5 3. Nd2 Nf6 4. e5 Nfd7 5. c3 b6 6. Bb5 a6 7. Bd3 Be7 8. Qg4 Bf8 9. Ne2 f5 10. Qh3 c5 11. Nf4 c4 12. Qh5+ g6 13. Nxg6 hxg6 14. Qxg6+ Ke7 15. Nxc4 Rh6 16. Bg5+ 1-0

[Event "Remote S5E No Engine-268 email"]
[Site "Remote email"]
[Date "2014.07.07"]
[Round "?"]
[White "Guelker, Lorenz"]
[Black "Pieleck, Rudolf"]
[Result "1-0"]
[WhiteElo "2000"]
[BlackElo "1583"]
[PlyCount "53"]
[EventDate "2014.??.??"]
[EventType "tourn (corr)"]
[EventRounds "4"]
[EventCountry "GER"]
[SourceTitle "Corr 2015"]
[Source "ChessBase"]
[SourceDate "2015.07.17"]
[SourceVersion "1"]
[SourceVersionDate "2015.07.17"]
[SourceQuality "1"]

1. e4 e6 2. d4 d5 3. e5 c5 4. dxc5 Bxc5 5. Nf3 Ne7 6. Nc3 d4 7. Ne4 Bb6 8. Nd6+ Kf8 9. Nxd4 Nf5 10. N4xf5 exf5 11. Bc4 Be6 12. Bxe6 fxe6 13. Qh5 Qd7 14. 0-0 Nc6 15. Bf4 Bd4 16. Rad1 Bxb2 17. Rb1 Ba3 18. Rxb7 Qxb7 19. Nxb7 g6 20. Qf3 Nd4 21. Qxa3+ Kf7 22. Nd6+ Kg7 23. Qd3 Nc6 24. Qd2 Rhd8 25. Bh6+ Kg8 26. Qc3 Ne7 27. Qc7 1-0

[Event "Remote Random-181 email"]
[Site "Remote email"]
[Date "2014.07.07"]
[Round "?"]
[White "Tortoza, Carlos Alberto"]
[Black "Pieleck, Rudolf"]
[Result "1/2-1/2"]
[WhiteElo "1632"]
[BlackElo "1583"]
[PlyCount "96"]
[EventDate "2014.??.??"]
[EventType "tourn (corr)"]
[EventRounds "7"]
[EventCountry "GER"]
[SourceTitle "Corr 2015"]
[Source "ChessBase"]
[SourceDate "2015.07.17"]
[SourceVersion "1"]
[SourceVersionDate "2015.07.17"]
[SourceQuality "1"]

1. e4 c5 2. Nf3 Nc6 3. d4 cxd4 4. Nxd4 g6 5. Nxc6 bxc6 6. Bc4 e6 7. 0-0 Bc5 8. b3 Ne7 9. Kh1 0-0 10. c3 d5 11. exd5 cxd5 12. Be2 a5 13. a4 Ba6 14. Bxa6 Rxa6 15. Bh6 Re8 16. Bg5 Qd7 17. Bf6 Nf5 18. Nd2 Be7 19. Be5 f6 20. Bf4 Bd6 21. Qf3 Bxf4 22. Qxf4 e5 23. Qg4 Qg7 24. Rae1 h5 25. Qe2 Rae6 26. Qb5 d4 27. Qxa5 dxc3 28. Qxc3 Nd4 29. Nc4 Nc6 30. b4 Nd4 31. h3 g5 32. Re4 f5 33. Rxe5 Rxe5 34. Nxe5 Qxe5 35. b5 Ne2 36. Qc4+ Kg7 37. g3 Nd4 38. a5 Nf3 39. Rd1 h4 40. Rd7+ Re7 41. Rxe7+ Qxe7 42. Qc3+ Ne5 43. f4 Qb7+ 44. Kh2 Kg6 45. Qxe5 Qf3 46. fxg5 Qf2+ 47. Kh1 Qf1+ 48. Kh2 Qf2+ 1/2-1/2

[Event "Remote S5E No Engine-268 email"]
[Site "Remote email"]
[Date "2014.07.07"]
[Round "?"]
[White "Witt, Monika"]
[Black "Pieleck, Rudolf"]
[Result "0-1"]
[WhiteElo "1390"]
[BlackElo "1583"]
[PlyCount "72"]
[EventDate "2014.??.??"]
[EventType "tourn (corr)"]
[EventRounds "4"]
[EventCountry "GER"]
[SourceTitle "Corr 2015"]
[Source "ChessBase"]
[SourceDate "2015.07.17"]
[SourceVersion "1"]
[SourceVersionDate "2015.07.17"]
[SourceQuality "1"]

1. e4 e6 2. d4 d5 3. exd5 exd5 4. Nc3 Bb4 5. Qe2+ Ne7 6. a3 Bxc3+ 7. bxc3 0-0 8. Bg5 f6 9. Qd3 fxg5 10. Nf3 Bf5 11. Qb5 b6 12. Bd3 Bd7 13. Qb4 a5 14. Qb2 Bf5 15. Nxg5 Bxd3 16. cxd3 Re8 17. Ne6 Ng6 18. Qe2 Qd6 19. Qg4 Rxe6+ 20. Kd2 Rf6 21. Qc8+ Rf8 22. Qg4 Qf4+ 23. Qxf4 Nxf4 24. Rhg1 Nd7 25. Kc2 a4 26. Rab1 Rfe8 27. c4 Re2+ 28. Kc3 Rxf2 29. c5 Ne2+ 30. Kb4 Nxg1 31. c6 Nb8 32. Rxg1 Nxc6+ 33. Kc3 Re8 34. h4 Ree2 35. Rc1 Ra2 36. g4 Rxa3# 0-1

[Event "Remote S7E-167 email"]
[Site "Remote email"]
[Date "2014.05.16"]
[Round "?"]
[White "Henkel, Phil"]
[Black "Pieleck, Rudolf"]
[Result "1-0"]
[WhiteElo "1996"]
[BlackElo "1601"]
[PlyCount "61"]
[EventDate "2014.??.??"]
[EventType "tourn (corr)"]
[EventRounds "6"]
[EventCountry "GER"]
[SourceTitle "Corr 2015"]
[Source "ChessBase"]
[SourceDate "2015.07.17"]
[SourceVersion "1"]
[SourceVersionDate "2015.07.17"]
[SourceQuality "1"]

1. c4 Nf6 2. Nc3 e6 3. g3 Be7 4. Bg2 d5 5. cxd5 0-0 6. dxe6 Bxe6 7. Bxb7 Nbd7 8. Bxa8 Qxa8 9. f3 Nb6 10. e4 Rd8 11. Nge2 Nc4 12. b3 Ne5 13. Nf4 Nd3+ 14. Nxd3 Rxd3 15. Qe2 Qd8 16. Na4 Bb4 17. Nb2 Rd7 18. 0-0 Bc5+ 19. Kh1 Bh3 20. Rd1 Ba3 21. Nc4 Bc5 22. Bb2 Bd4 23. Bc3 Bxc3 24. dxc3 Be6 25. Rxd7 Bxd7 26. Rd1 Ne8 27. Qd3 Nf6 28. Ne5 g6 29. Nxd7 Nxd7 30. Qxd7 Qxd7 31. Rxd7 1-0

[Event "Remote S7E-167 email"]
[Site "Remote email"]
[Date "2014.05.16"]
[Round "?"]
[White "Pieleck, Rudolf"]
[Black "Tortoza, Carlos Alberto"]
[Result "1-0"]
[WhiteElo "1583"]
[BlackElo "1632"]
[PlyCount "133"]
[EventDate "2014.??.??"]
[EventType "tourn (corr)"]
[EventRounds "6"]
[EventCountry "GER"]
[SourceTitle "Corr 2015"]
[Source "ChessBase"]
[SourceDate "2015.07.17"]
[SourceVersion "1"]
[SourceVersionDate "2015.07.17"]
[SourceQuality "1"]

1. e4 e6 2. d4 d5 3. exd5 exd5 4. Nf3 Bf5 5. Nc3 c6 6. Bd3 Qd7 7. 0-0 Nf6 8. Re1+ Be7 9. Ne5 Qc8 10. Qf3 Bxd3 11. Nxd3 Qd7 12. Bg5 Qd6 13. Bf4 Qd8 14. Bg5 Nbd7 15. Ne5 0-0 16. Nxd7 Qxd7 17. Re2 Rae8 18. Rae1 Qd6 19. Bf4 Qd7 20. Be5 Ng4 21. Qg3 f6 22. Bf4 f5 23. h3 Nf6 24. Be5 g6 25. Na4 Ne4 26. Qf4 Bg5 27. Qf3 Bd2 28. Rd1 Bh6 29. Nc5 Qc8 30. Nxe4 fxe4 31. Qg4 Qxg4 32. hxg4 b5 33. Bd6 Rf4 34. Bxf4 Bxf4 35. f3 e3 36. b3 a5 37. a3 Bg3 38. Rd3 Bf2+ 39. Kh2 g5 40. g3 Kg7 41. Rc3 Re6 42. Kg2 Kg6 43. f4 h6 44. f5+ Kf6 45. fxe6 Kxe6 46. Rcxe3+ Bxe3 47. Rxe3+ Kf6 48. Kf3 b4 49. a4 Kf7 50. c3 bxc3 51. Rxc3 Kg7 52. Rxc6 Kh7 53. Rd6 h5 54. gxh5 Kg7 55. Rxd5 Kh6 56. g4 Kh7 57. Rxa5 Kg7 58. Rxg5+ Kf7 59. h6 Kf6 60. h7 Kxg5 61. h8Q Kg6 62. Qh5+ Kf6 63. g5+ Kg7 64. Kf4 Kg8 65. Kf5 Kf8 66. Kf6 Kg8 67. Qf7+ 1-0

[Event "Remote S7E-167 email"]
[Site "Remote email"]
[Date "2014.05.16"]
[Round "?"]
[White "Pieleck, Rudolf"]
[Black "Witt, Monika"]
[Result "1-0"]
[WhiteElo "1601"]
[BlackElo "1476"]
[PlyCount "93"]
[EventDate "2014.??.??"]
[EventType "tourn (corr)"]
[EventRounds "6"]
[EventCountry "GER"]
[SourceTitle "Corr 2015"]
[Source "ChessBase"]
[SourceDate "2015.07.17"]
[SourceVersion "1"]
[SourceVersionDate "2015.07.17"]
[SourceQuality "1"]

1. e4 e5 2. Nf3 Nc6 3. d4 exd4 4. Nxd4 Nxd4 5. Qxd4 Qf6 6. e5 Qb6 7. Qxb6 axb6 8. Bd3 Bb4+ 9. c3 Bc5 10. 0-0 d6 11. exd6 Bxd6 12. Re1+ Ne7 13. c4 c5 14. Bd2 0-0 15. Nc3 Be6 16. b3 Nf5 17. Ne4 Be5 18. Rac1 h6 19. f4 Bd4+ 20. Kh1 Rxa2 21. Bc2 Rfa8 22. Bc3 Bxc3 23. Nxc3 Rb2 24. Na4 Nd4 25. Nxb2 b5 26. Bd1 Bf5 27. cxb5 b6 28. Nc4 Ra2 29. Nxb6 Kh7 30. Rxc5 Rb2 31. Nc4 g6 32. Nxb2 Ne6 33. Rxf5 gxf5 34. Rxe6 fxe6 35. b6 Kg6 36. b7 Kf6 37. b8Q e5 38. Qxe5+ Kg6 39. Qe6+ Kg7 40. Bh5 Kh8 41. Bf7 Kg7 42. Qxf5 Kf8 43. Qd7 h5 44. f5 h4 45. Bg6 Kg8 46. Qf7+ Kh8 47. Qh7# 1-0

[Event "Remote Random-179 email"]
[Site "Remote email"]
[Date "2014.05.04"]
[Round "?"]
[White "Pieleck, Rudolf"]
[Black "Buchmann, Hans Peter"]
[Result "0-1"]
[WhiteElo "1583"]
[BlackElo "2118"]
[PlyCount "48"]
[EventDate "2014.??.??"]
[EventType "tourn (corr)"]
[EventRounds "6"]
[EventCountry "GER"]
[SourceTitle "Corr 2015"]
[Source "ChessBase"]
[SourceDate "2015.07.17"]
[SourceVersion "1"]
[SourceVersionDate "2015.07.17"]
[SourceQuality "1"]

1. d4 Nf6 2. Nf3 e6 3. Bg5 Be7 4. Bxf6 Bxf6 5. e4 c5 6. e5 Be7 7. c3 cxd4 8. cxd4 d5 9. Nc3 Qb6 10. Bb5+ Bd7 11. Bxd7+ Nxd7 12. b3 Qa5 13. Qd2 Bb4 14. Rc1 Rc8 15. 0-0 Bxc3 16. Rxc3 Rxc3 17. Qb2 Rc6 18. b4 Qa4 19. b5 Rc2 20. Qb3 Qxa2 21. Qxa2 Rxa2 22. g3 Ke7 23. Rb1 Nb6 24. Kg2 Rc8 0-1

[Event "Remote Random-179 email"]
[Site "Remote email"]
[Date "2014.05.04"]
[Round "?"]
[White "Pieleck, Rudolf"]
[Black "Scheer, Walter"]
[Result "0-1"]
[WhiteElo "1583"]
[BlackElo "2298"]
[PlyCount "64"]
[EventDate "2014.??.??"]
[EventType "tourn (corr)"]
[EventRounds "6"]
[EventCountry "GER"]
[SourceTitle "Corr 2015"]
[Source "ChessBase"]
[SourceDate "2015.07.17"]
[SourceVersion "1"]
[SourceVersionDate "2015.07.17"]
[SourceQuality "1"]

1. d4 Nf6 2. Nf3 e6 3. Bg5 Be7 4. Nc3 d5 5. e3 0-0 6. Be2 c5 7. dxc5 Nc6 8. 0-0 Bxc5 9. Bb5 h6 10. Bxf6 Qxf6 11. e4 Rd8 12. exd5 exd5 13. Nxd5 Qg6 14. Bd3 Rxd5 15. Bxg6 Rxd1 16. Raxd1 fxg6 17. a3 Be7 18. Rfe1 Bf6 19. b4 Bg4 20. Rd3 Bf5 21. Rde3 Kf8 22. h3 Bxc2 23. Nd2 Nd4 24. Nc4 Rd8 25. Rg3 Bf5 26. Ne3 Re8 27. Kf1 Bd3+ 28. Kg1 Ne2+ 29. Kh2 Nxg3 30. fxg3 Bd4 31. Rd1 Rxe3 32. a4 Be5 0-1

[Event "Remote Easter Gr.D email"]
[Site "Remote email"]
[Date "2014.05.01"]
[Round "?"]
[White "Fricke, Dirk"]
[Black "Pieleck, Rudolf"]
[Result "1-0"]
[WhiteElo "1807"]
[BlackElo "1583"]
[PlyCount "57"]
[EventDate "2014.??.??"]
[EventType "tourn (corr)"]
[EventRounds "8"]
[EventCountry "GER"]
[SourceTitle "Corr 2015"]
[Source "ChessBase"]
[SourceDate "2015.07.17"]
[SourceVersion "1"]
[SourceVersionDate "2015.07.17"]
[SourceQuality "1"]

1. d4 d5 2. Nc3 Nf6 3. e4 e6 4. e5 Nfd7 5. Nf3 Bb4 6. a3 Bxc3+ 7. bxc3 0-0 8. Bd3 f6 9. 0-0 f5 10. Bg5 Qe8 11. Rb1 Nc6 12. Qd2 Ne7 13. c4 c6 14. cxd5 Nxd5 15. c4 Nc7 16. Nh4 g6 17. Bh6 Rf7 18. Nf3 c5 19. Bc2 a6 20. h4 cxd4 21. Nxd4 Nxe5 22. Bb3 Ng4 23. Bf4 b5 24. Rfe1 e5 25. cxb5 Ne6 26. Bxe5 Rd7 27. Bxe6+ Kf8 28. Bxd7 Bxd7 29. Bd6+ 1-0

[Event "Remote Easter Gr.D email"]
[Site "Remote email"]
[Date "2014.05.01"]
[Round "?"]
[White "Pieleck, Rudolf"]
[Black "Phillipps, Siegfried"]
[Result "0-1"]
[WhiteElo "1583"]
[BlackElo "2201"]
[PlyCount "56"]
[EventDate "2014.??.??"]
[EventType "tourn (corr)"]
[EventRounds "8"]
[EventCountry "GER"]
[SourceTitle "Corr 2015"]
[Source "ChessBase"]
[SourceDate "2015.07.17"]
[SourceVersion "1"]
[SourceVersionDate "2015.07.17"]
[SourceQuality "1"]

1. e4 c5 2. Nf3 d6 3. d4 cxd4 4. Nxd4 Nf6 5. Nc3 a6 6. Nf3 Nc6 7. Bc4 b5 8. Be2 Bb7 9. 0-0 e6 10. e5 dxe5 11. Bg5 Be7 12. Qxd8+ Rxd8 13. Rad1 Rc8 14. Rfe1 e4 15. Nd2 Nd4 16. Bg4 Nxg4 17. Bxe7 Kxe7 18. Ndxe4 Rhd8 19. f3 Ne5 20. Ng5 f6 21. Nge4 Nexf3+ 22. gxf3 Nxf3+ 23. Kf2 Nxe1 24. Rxe1 Bxe4 25. Nxe4 Rxc2+ 26. Re2 Rxe2+ 27. Kxe2 Rd5 28. Nc3 Rh5 0-1

[Event "Remote Easter Gr.D email"]
[Site "Remote email"]
[Date "2014.05.01"]
[Round "?"]
[White "Wittal, Werner"]
[Black "Pieleck, Rudolf"]
[Result "1-0"]
[WhiteElo "2371"]
[BlackElo "1601"]
[PlyCount "73"]
[EventDate "2014.??.??"]
[EventType "tourn (corr)"]
[EventRounds "8"]
[EventCountry "GER"]
[SourceTitle "Corr 2015"]
[Source "ChessBase"]
[SourceDate "2015.07.17"]
[SourceVersion "1"]
[SourceVersionDate "2015.07.17"]
[SourceQuality "1"]

1. e4 e6 2. d4 d5 3. Nd2 Nf6 4. e5 Nfd7 5. Bd3 Be7 6. c3 0-0 7. Qg4 f5 8. Qg3 Bh4 9. Qh3 Bg5 10. Ngf3 b6 11. g4 Ba6 12. Bc2 Rf7 13. gxf5 exf5 14. e6 Qe7 15. Nxg5 h6 16. Nxf7 Qxe6+ 17. Ne5 Nxe5 18. dxe5 Qxe5+ 19. Qe3 Qxe3+ 20. fxe3 Nd7 21. Bxf5 Ne5 22. Be6+ Kh7 23. Rg1 Nd3+ 24. Kd1 Nf2+ 25. Kc2 Bd3+ 26. Kb3 c6 27. Bd7 c5 28. Nf3 c4+ 29. Kb4 a6 30. Rg2 Ne4 31. Bf5+ Kh8 32. Ne5 Nd6 33. Bxd3 a5+ 34. Ka3 Nb5+ 35. Ka4 Nd6 36. Bg6 b5+ 37. Ka3 1-0

[Event "Remote S5E No Engine-263 email"]
[Site "Remote email"]
[Date "2014.04.30"]
[Round "?"]
[White "Berger, Gerhard"]
[Black "Pieleck, Rudolf"]
[Result "1-0"]
[WhiteElo "2055"]
[BlackElo "1583"]
[PlyCount "77"]
[EventDate "2014.??.??"]
[EventType "tourn (corr)"]
[EventRounds "4"]
[EventCountry "GER"]
[SourceTitle "Corr 2015"]
[Source "ChessBase"]
[SourceDate "2015.07.17"]
[SourceVersion "1"]
[SourceVersionDate "2015.07.17"]
[SourceQuality "1"]

1. Nf3 e6 2. e4 d5 3. exd5 Qxd5 4. Nc3 Qd8 5. d3 Bb4 6. Bd2 Nf6 7. Qe2 0-0 8. 0-0-0 Nc6 9. Ne4 Bxd2+ 10. Qxd2 e5 11. h3 Bf5 12. Ng3 Be6 13. c4 Nd4 14. Nxe5 Qd6 15. f4 Nd7 16. Ne4 Qe7 17. g4 Nxe5 18. fxe5 Nf3 19. Qc3 Rfd8 20. d4 Ng5 21. Ng3 f6 22. Bg2 fxe5 23. d5 Bf7 24. h4 Ne6 25. dxe6 Bxe6 26. Qxe5 Rd7 27. Bd5 Bxd5 28. Rxd5 Qxe5 29. Rxe5 Rad8 30. Nf5 Kf7 31. Rhe1 g6 32. Ng3 c6 33. Rf1+ Kg7 34. Ne4 Rd4 35. Re7+ Kh6 36. Nf6 Rxc4+ 37. Kb1 g5 38. Rxh7+ Kg6 39. h5# 1-0

[Event "Remote Random email"]
[Site "Remote email"]
[Date "2014.04.19"]
[Round "?"]
[White "Mantau, Jan"]
[Black "Pieleck, Rudolf"]
[Result "1-0"]
[WhiteElo "2049"]
[BlackElo "1601"]
[PlyCount "73"]
[EventDate "2014.??.??"]
[EventType "tourn (corr)"]
[EventRounds "11"]
[EventCountry "GER"]
[SourceTitle "Corr 2015"]
[Source "ChessBase"]
[SourceDate "2015.07.17"]
[SourceVersion "1"]
[SourceVersionDate "2015.07.17"]
[SourceQuality "1"]

1. e4 e5 2. a3 Nf6 3. d3 Be7 4. f4 d6 5. Nf3 Bg4 6. Be2 0-0 7. fxe5 dxe5 8. Nxe5 Bxe2 9. Qxe2 Nfd7 10. Bf4 Nxe5 11. Bxe5 Bf6 12. Bxf6 Qxf6 13. Nc3 Nc6 14. Qf2 Qxf2+ 15. Kxf2 Nd4 16. Rac1 c6 17. Ke3 Ne6 18. Rcd1 c5 19. Kd2 Rad8 20. Kc1 Nd4 21. Nd5 Ne2+ 22. Kd2 Nd4 23. c3 Nb3+ 24. Kc2 Na5 25. b4 cxb4 26. axb4 Nc6 27. g4 b5 28. Ra1 Rd7 29. Ra6 Ne5 30. h3 Nf3 31. Rf1 Ng5 32. h4 Ne6 33. Rfa1 Ra8 34. Nb6 Rdd8 35. Nxa8 Rd7 36. Rxa7 Rd8 37. Nc7 1-0

[Event "Remote Random email"]
[Site "Remote email"]
[Date "2014.04.19"]
[Round "?"]
[White "Pieleck, Rudolf"]
[Black "Mantau, Jan"]
[Result "0-1"]
[WhiteElo "1601"]
[BlackElo "2049"]
[PlyCount "80"]
[EventDate "2014.??.??"]
[EventType "tourn (corr)"]
[EventRounds "11"]
[EventCountry "GER"]
[SourceTitle "Corr 2015"]
[Source "ChessBase"]
[SourceDate "2015.07.17"]
[SourceVersion "1"]
[SourceVersionDate "2015.07.17"]
[SourceQuality "1"]

1. e4 e5 2. a3 Nf6 3. Nc3 d6 4. Nf3 c6 5. Be2 Be7 6. d4 Nbd7 7. 0-0 0-0 8. b4 Qc7 9. b5 a6 10. bxc6 bxc6 11. dxe5 dxe5 12. Bg5 Nc5 13. Bh4 Nfxe4 14. Nxe4 Nxe4 15. Bxe7 Qxe7 16. Qd3 Nc5 17. Qc4 Be6 18. Qc3 f6 19. Bc4 Bxc4 20. Qxc4+ Kh8 21. Rfe1 Rfd8 22. Nh4 g6 23. Nf3 Rd5 24. Rad1 Rad8 25. Rxd5 cxd5 26. Qe2 d4 27. Nd2 a5 28. Ne4 Nxe4 29. Qxe4 Qxa3 30. Qd3 Qxd3 31. cxd3 a4 32. Ra1 Ra8 33. Kf1 a3 34. Ke2 a2 35. Kf3 f5 36. g4 Ra3 37. gxf5 gxf5 38. Ke2 e4 39. dxe4 fxe4 40. Kd2 Kg7 0-1

[Event "Remote Random email"]
[Site "Remote email"]
[Date "2014.04.19"]
[Round "?"]
[White "Pieleck, Rudolf"]
[Black "Tortoza, Carlos Alberto"]
[Result "1-0"]
[WhiteElo "1601"]
[BlackElo "1560"]
[PlyCount "61"]
[EventDate "2014.??.??"]
[EventType "tourn (corr)"]
[EventRounds "11"]
[EventCountry "GER"]
[SourceTitle "Corr 2015"]
[Source "ChessBase"]
[SourceDate "2015.07.17"]
[SourceVersion "1"]
[SourceVersionDate "2015.07.17"]
[SourceQuality "1"]

1. e4 e5 2. a3 Bc5 3. Nf3 d6 4. b4 Bb6 5. Bc4 h6 6. 0-0 Bg4 7. Be2 Nf6 8. Nh4 Bxe2 9. Qxe2 Nbd7 10. d3 Qe7 11. Nf5 Qe6 12. Nxg7+ Kf8 13. Nxe6+ fxe6 14. Be3 Bxe3 15. Qxe3 Ke7 16. f4 Ng4 17. Qf3 Rag8 18. Nc3 c6 19. b5 h5 20. bxc6 bxc6 21. f5 Ngf6 22. fxe6 Kxe6 23. Qf5+ Ke7 24. Nd5+ cxd5 25. exd5 Rf8 26. Qe6+ Kd8 27. Rab1 Re8 28. Qxd6 Kc8 29. Qc6+ Kd8 30. d6 Nb6 31. Qc7# 1-0

[Event "Remote Random email"]
[Site "Remote email"]
[Date "2014.04.19"]
[Round "?"]
[White "Tortoza, Carlos Alberto"]
[Black "Pieleck, Rudolf"]
[Result "1-0"]
[WhiteElo "1560"]
[BlackElo "1601"]
[PlyCount "61"]
[EventDate "2014.??.??"]
[EventType "tourn (corr)"]
[EventRounds "11"]
[EventCountry "GER"]
[SourceTitle "Corr 2015"]
[Source "ChessBase"]
[SourceDate "2015.07.17"]
[SourceVersion "1"]
[SourceVersionDate "2015.07.17"]
[SourceQuality "1"]

1. e4 e5 2. a3 Nc6 3. c3 Nf6 4. Bc4 Bc5 5. d3 0-0 6. h3 Na5 7. Ba2 Bd6 8. b4 Nc6 9. Nf3 b5 10. 0-0 Ne7 11. d4 exd4 12. e5 Bxe5 13. Nxe5 dxc3 14. Nxc3 d6 15. Nxf7 Rxf7 16. Bxf7+ Kxf7 17. Bg5 Kg8 18. Bxf6 gxf6 19. Ne4 Nf5 20. Qd5+ Kg7 21. Qxa8 Qd7 22. Qd5 Qe6 23. Qd1 Kf7 24. f3 Ne3 25. Qe2 Nxf1 26. Kxf1 Qc4 27. Ke1 Qxe2+ 28. Kxe2 Ke6 29. g4 d5 30. Nc5+ Kd6 31. f4 1-0